00726nac a22002051u 4500010001600000020001500016020001500031082001900046090001300065100003400078245008500112260004800197300002900245500002000274650004200294700002900336942002100365999001300386952012100399 a 91033360 a8120316185 a812031618500a621.367bB5751 c902d902 aBhabatosh, Chanda 00aDigital image processing and analysis/cChanda Bhabatosh, Majumder Dwijesh Dutta aNew Delhi :bPrentice Hall of India,c2003. a365 p. :bill. ;c24 cm. aIncludes index. 0aImage processingxDigital techniques.1 aDutta, Majumder Dwijesh. cBBk621.367B5751 c902d902 00104070aMAINbMAINc1STd2009-08-06ePurchasel5m8o621.367 BHAp000003626r2025-07-15 00:00:00s2018-09-25yBB